| 000 | 00842nam a2200313 a 4500 | ||
|---|---|---|---|
| 999 |
_c5640 _d5640 |
||
| 001 | 5640 | ||
| 003 | BD-JhCC | ||
| 005 | 20171221200337.0 | ||
| 008 | 171219s1956 enka 000 0 eng d | ||
| 035 | _a(RLG)020000437767 | ||
| 035 | _a(BD-JhCC)5640 | ||
| 035 | _a(UkLCURL)020000437767 | ||
| 035 | _a3348933 | ||
| 040 |
_cCWR _dm.c _dEUX _dBD-JhCC _dOCoLC _aBD-JhCC |
||
| 041 | _aeng | ||
| 050 | 4 | _aTN705 | |
| 082 |
_a669.14 _bDEA 1956 |
||
| 100 | 1 | _aDearden, John. | |
| 245 | 1 | 0 |
_aIron and steel to-day / _cJohn Dearden |
| 250 | _a2nd ed | ||
| 260 |
_a[London] : _bOxford University Press, _c1956. |
||
| 300 |
_a271 p : _bill. ; _c23 cm. |
||
| 490 | 1 |
_aThe Pageant of progress ; _v13 |
|
| 650 | 0 |
_aIron _xMetallurgy. |
|
| 650 | 0 |
_aSteel _xMetallurgy. |
|
| 830 | 0 |
_aPageant of progress ; _v13. |
|
| 942 |
_2ddc _cBK |
||